Normal view
MARC view
Entry Personal Name
001 - CONTROL NUMBER
- control field: 6367
003 - CONTROL NUMBER IDENTIFIER
- control field: BD-RjUL
005 - DATE AND TIME OF LATEST TRANSACTION
- control field: 20221219152138.0
008 - FIXED-LENGTH DATA ELEMENTS
- fixed length control field: 221219|| aca||aabn | a|a d
040 ## - CATALOGING SOURCE
- Original cataloging agency: BD-RjUL
- Transcribing agency: BD-RjUL
100 ## - HEADING--PERSONAL NAME
- Personal name: رضوان، رضوان محمد. Raḍwān, Raḍwān Muḥammad
670 ## - SOURCE DATA FOUND
- Source citation: Work cat.: (BD-RjUL)80987: ابن حجر العسقلاني، أحمد بن علي. Ibn Ḥajar al-ʿAsqalānī, Aḥmad ibn ʿAlī, 1372-1449. 6365, بلوغ المرام من أدلة الأحكام / Bulūgh al-marām min adillat al-aḥkām /, 1982